| 000 | 00434cam a22001575a 4500 | ||
|---|---|---|---|
| 001 | J100868 | ||
| 008 | 000000s1924 xxk 000 0 eng u | ||
| 035 | _a(Sirsi) u100868 | ||
| 110 |
_aSurveyors' Institution _93783 |
||
| 245 | _aExaminations. Papers set at the preliminary and professional examinations 1924. | ||
| 260 | _c1924 | ||
| 300 | _a89p. | ||
| 651 | 4 |
_aUnited Kingdom _y |
|
| 690 | _aBusiness and management | ||
| 942 | _n0 | ||
| 999 |
_c99891 _d99891 |
||